000 00880nam a22002297i 4500
003 URS
005 20220114153543.0
008 190206b ||||| |||| 00| 0 eng d
040 _beng
_erda
_cURS Pililla Library
082 _bFS BSBA FM112 2016
100 1 _aCastelo, Bryan Francis O.
_eresearcher
245 1 0 _aEstablishment of embroidery shop in barangay San Isidro Tanay, Rizal/
_cBryan Francis O. Castelo
300 _aix, 78 leaves;
_c28 cm.
336 _atext
_btxt
_2rdacontent
337 _aunmediated
_bn
_2rdamedia
338 _avolume
_bnc
_2rdacarrier
502 _aUndergraduate Feasibility Study
_bBachelor of Science in Business Administration Major in Financial Management
_cUniversity of Rizal System Pililla
700 1 _aBias, Marilen C.
_eadviser
700 1 _aCerilo, Mikee G.
_eresearcher
700 1 _aTobias Jr., Romelito P.
_eresearcher
942 _2ddc
_cT
999 _c8894
_d8894